| 000 | 00921nam a2200277 a 4500 | ||
|---|---|---|---|
| 001 | BRL_1035 | ||
| 005 | 20190320211015.0 | ||
| 008 | 041113c1980----mx-ab#####---#000-0#spa-# | ||
| 020 | _a9688220094 | ||
| 041 | _aspa | ||
| 044 | _amx | ||
| 050 | 4 |
_aF1219.1.P8 _b.K37 1980 |
|
| 100 | 1 |
_aKaplan, Flora S. _925635 |
|
| 245 | 1 | 0 |
_aConocimiento y estilo _bun análisis basado en una tradición de alfarería mexicana _cFlora S. Kaplan ; traducción Celia Paschero. |
| 260 |
_aMéxico _bINI _c1980 |
||
| 300 |
_a184 p. _bil. _c21 cm. |
||
| 500 | _aTítulo de cubierta : Una tradición alfarera | ||
| 500 | _aAu1172 | ||
| 650 | 1 | 4 |
_aCerámica indígena _zPuebla, México _925636 |
| 650 | 1 | 4 |
_aArtesanías en cerámica _zPuebla, México _925637 |
| 650 | 1 | 4 |
_aCerámica _xTemas, motivos _zPuebla, México _925638 |
| 700 | 1 |
_aPaschero, Celia _etr. _925639 |
|
| 740 | 0 | _aUna tradición alfarera | |
| 902 | _aGRL | ||
| 942 |
_2lcc _cB |
||
| 999 |
_c9847 _d9847 |
||